000 00931nam a22002177a 4500
003 OSt
005 20250924154308.0
008 240313b ||||| |||| 00| 0 eng d
040 _c0
082 _aDPer 621.381 In821 August 2022 v. 37 n. 8
100 _aZhang, Yue.
_eauthor.
_954604
245 _aA direct actual-power control scheme for current-fed dual-active-bridge DC/DC converter based on virtual impedance estimation /
_cYue Zhang, Li Ding, Nei Hou, and Yunwei Li.
260 _aNew York ;
_bThe Institute of Electrical and Electronics Engineers, Inc. ,
_cAugust 2022.
300 _aVolume 37, pages 8963-8975 :
_billustration ;
_c28 cm.
500 _aIEEE Transitions on Power Electronics, v. 37 n. 8, pages 8963-8975, August 2022.
700 _aZhang, Yue.
_eauthor.
_954604
700 _aDing, Li.
_eauthor.
_954605
700 _aHou, Nei.
_eauthor.
_954606
700 _aLi, Yunwei.
_eauthor.
_954607
942 _2ddc
_cPER
999 _c19668
_d19668